000 00725nam a2200229 a 4500
001 BRCA_6695
005 20190320205546.0
008 171011s1911----gw-aa#####---#000-0#ger-#
041 _ager
044 _agw
245 1 0 _aAlmanach der Lustigen Blätter
260 _aBerlín
_bLustigen Blätter Dr. Eysler & Co. (G.m.b.H.)
_c1911
300 _a159 p.
_bil.
_c22 cm.
500 _aVerlag der Lustiger Blätter Berlín Nº 68
500 _aRevista inventariada por Banco de México como libro
500 _aEstado físico: cubierta posterior desprendida
500 _aI77
650 1 4 _aCaricaturas y cómic arte
_xAlemán
_916736
650 1 4 _aIngenio y humor alemán
_xAlemán
_916737
902 _aGFM
942 _2lcc
_cB
999 _c6378
_d6378